[Event "CRO-chT U20 15th"]
[Site "Sv Filip i Jakov"]
[Date "2006.04.20"]
[Round "5"]
[White "Karabaic, Ivan"]
[Black "Juric, Mario"]
[Result "1-0"]
[WhiteElo "2124"]
[BlackElo "1921"]
[PlyCount "77"]
[EventDate "2006.04.18"]
[EventType "team-tourn"]
[EventRounds "9"]
[EventCountry "CRO"]
[SourceTitle "CBM 111 Extra"]
[Source "ChessBase"]
[SourceDate "2006.05.09"]
[SourceVersion "1"]
[SourceVersionDate "2006.05.09"]
[SourceQuality "1"]

1. e4 c5 2. Nc3 Nc6 3. g3 g6 4. Bg2 Bg7 5. d3 d6 6. Be3 e6 7. Qd2 Nge7 8. Bh6 0-0 9. h4 Nd4 10. 0-0-0 Kh8 11. Bxg7+ Kxg7 12. h5 Ng8 13. f4 Rb8 14. Nf3 Nxf3 15. Bxf3 b5 16. g4 b4 17. Ne2 a5 18. Rh2 f6 19. hxg6 hxg6 20. Rdh1 Rf7 21. f5 g5 22. fxe6 Bxe6 23. Ng3 Kf8 24. Nf5 Ke8 25. Rh8 Kd7 26. d4 Kc7 27. dxc5 dxc5 28. Qh2+ Kb6 29. Rd1 Rd7 30. Rxd7 Bxd7 31. Rxg8 Qxg8 32. Qd6+ Bc6 33. e5 Qe8 34. Ne7 Rc8 35. Nxc8+ Qxc8 36. exf6 Qc7 37. Qxc6+ Qxc6 38. Bxc6 Kxc6 39. f7 1-0

[Event "CRO-chT U20 15th"]
[Site "Sv Filip i Jakov"]
[Date "2006.04.18"]
[Round "2"]
[White "Juric, Mario"]
[Black "Starcevic, Kresimir"]
[Result "0-1"]
[WhiteElo "1921"]
[BlackElo "2122"]
[PlyCount "84"]
[EventDate "2006.04.18"]
[EventType "team-tourn"]
[EventRounds "9"]
[EventCountry "CRO"]
[SourceTitle "CBM 111 Extra"]
[Source "ChessBase"]
[SourceDate "2006.05.09"]
[SourceVersion "1"]
[SourceVersionDate "2006.05.09"]
[SourceQuality "1"]

1. e4 e6 2. d4 d5 3. e5 c5 4. c3 Qb6 5. Nf3 Bd7 6. Bd3 Nc6 7. Bc2 cxd4 8. cxd4 Nb4 9. 0-0 Rc8 10. Nc3 Nxc2 11. Qxc2 Ne7 12. Be3 Bb5 13. Rfe1 Nc6 14. Qb3 a6 15. Nxb5 axb5 16. Rac1 Be7 17. a4 b4 18. Qd3 0-0 19. b3 Na5 20. Bd2 Qa6 21. Qe3 Rc6 22. Rxc6 Qxc6 23. Rc1 Qd7 24. Qd3 Rc8 25. Rxc8+ Qxc8 26. Ne1 Qc6 27. Nc2 Qb6 28. Kf1 Nc6 29. Ke2 f6 30. f4 g6 31. g4 g5 32. exf6 Bxf6 33. fxg5 Bxd4 34. Bxb4 Bg1 35. Bd6 Qf2+ 36. Kd1 Bxh2 37. Bxh2 Qxh2 38. Qb5 Qxc2+ 39. Kxc2 Nd4+ 40. Kd3 Nxb5 41. axb5 e5 42. Kc3 b6 0-1